| 000 | 00883nam a22002297a 4500 | ||
|---|---|---|---|
| 005 | 20230320100134.0 | ||
| 008 | 230310b ||||| |||| 00| 0 eng d | ||
| 020 | _a9789353062866 | ||
| 040 | _cAL | ||
| 041 | _aeng | ||
| 082 |
_223 _a150 _bMORU |
||
| 100 |
_aCharles G Morris _974980 |
||
| 245 | _aUnderstanding Psychology | ||
| 250 | _a11th ed. | ||
| 260 |
_aIndia _bPearson _c2019 |
||
| 300 |
_axvi,540p. _bPB _c25x19.5cm. |
||
| 365 |
_2General _a8202 _b₹854.00 _c₹ _d₹1095.00 _e22% _f3-03-2023 |
||
| 520 | _aThe science of psychology; biological basis of behavior; sensation and perception; states of consciousness; learning; memory; motivation and emotion; life span development; personality; stress and health psycchology psychological disorders; therapies;social psychology. | ||
| 650 |
_aPsychology _974981 |
||
| 700 |
_aMaisto, Albert A. _974982 |
||
| 942 |
_2ddc _cBK |
||
| 999 |
_c226977 _d226977 |
||